| 000 | 00427nam a22001697a 4500 | ||
|---|---|---|---|
| 003 | NUST - PNEC | ||
| 005 | 20170116180946.0 | ||
| 008 | 150907b xxu||||| |||| 00| 0 eng d | ||
| 020 | _a- | ||
| 040 | _cLIBRARY | ||
| 082 | _a621.3192 MAN | ||
| 100 |
_98974 _a Manning, Laurance A. |
||
| 245 |
_aElectrical circuits _cLaurance A. Manning |
||
| 260 | _cc.1966 | ||
| 650 |
_98972 _aElectrical engineering _xEE |
||
| 942 |
_2ddc _cBK |
||
| 999 |
_c66300 _d66300 |
||